Những tấm lòng cao cả

Uloženo v:
Podrobná bibliografie
Hlavní autor: Amicis, Edmondo De
Další autoři: Hoàng Thiếu Sơn (Dịch và giới thiệu)
Médium: Kniha
Jazyk:Vietnamese
Vydáno: H. Kim đồng 2018
Vydání:Tái bản lần thứ 10
Témata:
Tagy: Přidat tag
Žádné tagy, Buďte první, kdo otaguje tento záznam!
Thư viện lưu trữ: Thư viện Trường Đại học Nam Cần Thơ
LEADER 00990nam a22002177a 4500
001 NCT_55492
008 181115b xxu||||| |||| 00| 0 vie d
999 |c 2673  |d 2673 
020 |a 9786042031837  |c 63000 
082 0 4 |2 23rd ed.  |a 853  |b A516 
100 1 |a Amicis, Edmondo De 
245 1 0 |a Những tấm lòng cao cả  |c  Edmondo De Amicis ; Hoàng Thiếu Sơn (dịch và giới thiệu) 
250 |a Tái bản lần thứ 10 
260 |a H.  |b Kim đồng  |c 2018 
300 |a 400 tr.  |c 19cm 
653 |a Sách tham khảo 
700 1 |a Hoàng Thiếu Sơn  |e Dịch và giới thiệu 
942 |2 ddc  |c BK 
952 |0 0  |1 0  |2 ddc  |4 0  |6 853_000000000000000_A516  |7 0  |9 14890  |a 000001  |b 000001  |d 2018-11-15  |o 853 A516  |p TK.01220  |r 2018-11-15  |v 63000.00  |w 2018-11-15  |y BK 
952 |0 0  |1 0  |2 ddc  |4 0  |6 853_000000000000000_A516  |7 0  |9 14891  |a 000001  |b 000001  |d 2018-11-15  |o 853 A516  |p TK.01221  |r 2018-11-15  |v 63000.00  |w 2018-11-15  |y BK 
980 |a Thư viện Trường Đại học Nam Cần Thơ